[Event "22nd OIBM 2018"]
[Site "Gmund am Tegernsee"]
[Date "2018.11.01"]
[Round "6"]
[White "Pezerovic, Edin"]
[Black "Martinovic, Sasa"]
[Result "0-1"]
[WhiteElo "2420"]
[BlackElo "2555"]
[Annotator "TA"]
[PlyCount "48"]
[EventDate "2018.10.27"]
[EventType "swiss"]
[EventCountry "GER"]
[SourceTitle "playchess.com"]
[Source "ChessBase"]
[SourceQuality "1"]

{[%evp 9,48,-4,-1,0,16,-52,-50,-39,-33,-79,-39,-44,-38,-42,-43,-70,-57,-63,-36,-41,-47,-55,-40,-34,-23,-14,-15,-33,-16,-27,-16,-16,-16,-19,-20,-20,-37,-31,0,0,0]} 1. d4 g6 2. Nf3 d6 {[%cal Bd7d6,Bd6e5,Be5e4][%mdl 32]} 3. Bf4 Bg7 4. e3 Nd7 5. Be2 (5. h3 e5 6. Bh2 Ne7 7. Be2 O-O 8. O-O b6 9. c4 Bb7 10. Nc3 h6 11. Rc1 g5 12. b4 Ng6 13. dxe5 dxe5 14. Qc2 a5 {½-½ (56) Grachev,B (2654)-Fedoseev,V (2731) Sochi 2017}) 5... e5 {LiveBook: 13 Games} 6. dxe5 {A41: 1 d4 d6: Tartakower System and Modern Defence} dxe5 7. Bg5 ({White should play} 7. Bg3 $1 $11) 7... f6 $15 8. Bh4 {Black is slightly better.} Nh6 9. Bc4 Nb6 $146 ({Predecessor:} 9... Qe7 10. Nc3 c6 11. Qd2 Nf5 12. Bg3 Nd6 13. Bb3 Nc5 14. Rd1 Bf8 15. Na4 Nde4 16. Qe2 Nxa4 17. Bxa4 Qb4+ 18. c3 Qxa4 19. Qd3 Bf5 {0-1 (19) Rodriguez Vega,B (2048)-Morales,J (2355) Barcelona 2017}) 10. Qxd8+ Kxd8 11. Bb3 e4 12. Nfd2 {[%cal Bf3d2,Bd2c4,Bc4e5][%mdl 32]} Nf5 13. Bg3 $1 Nxg3 14. hxg3 f5 15. Nc3 a5 {[#] Hoping for ...a4.} 16. O-O-O a4 17. Nc4+ Nd7 18. Bxa4 Bxc3 19. Bxd7 $1 Bxd7 20. bxc3 {[#] Strongly threatening Ne5.} Ke7 21. Ne5 Be6 22. a4 Kf6 23. Nd7+ Ke7 {[%mdl 1024] Black has compensation.} 24. Ne5 Kf6 {[%mdl 32768] Precision: White = 63%, Black = 80%. . Sensor Board Error (Ke4/e5)?} 0-1

[Event "22nd OIBM 2018"]
[Site "Gmund am Tegernsee"]
[Date "2018.11.01"]
[Round "6"]
[White "Morawietz, Dieter"]
[Black "Pasti, Aron"]
[Result "1-0"]
[WhiteElo "2408"]
[BlackElo "2085"]
[Annotator "ChessBase"]
[PlyCount "64"]
[EventDate "2018.10.27"]
[EventType "swiss"]
[EventCountry "GER"]
[SourceTitle "playchess.com"]
[Source "ChessBase"]
[SourceQuality "1"]
[TimeControl "40/5400+30:1800+30"]

1. e4 {[%emt 0:00:00]} e5 {[%emt 0:00:00]} 2. Nf3 {[%emt 0:00:00]} Nc6 {[%emt 0:00:00]} 3. Bb5 {[%emt 0:00:02]} a6 {[%emt 0:00:00]} 4. Ba4 {[%emt 0:00:15]} Nf6 {[%emt 0:00:00]} 5. d3 {[%emt 0:00:24]} b5 {[%emt 0:00:33]} 6. Bb3 {[%emt 0:00:11]} Be7 {[%emt 0:01:23]} 7. c3 {[%emt 0:01:21]} O-O {[%emt 0:02:15]} 8. O-O {[%emt 0:01:04]} d5 {[%emt 0:03:22]} 9. Bg5 {[%emt 0:10:29]} dxe4 {[%emt 0:02:56]} 10. Bxf6 {[%emt 0:06:15]} Bxf6 {[%emt 0:00:27]} 11. dxe4 {[%emt 0:00:11]} Qxd1 {[%emt 0:03:00]} 12. Rxd1 {[%emt 0:00:39]} Na5 {[%emt 0:01:45]} 13. Bc2 {[%emt 0:00:15]} Nc4 {[%emt 0:03:34]} 14. b3 {[%emt 0:02:25]} Nd6 {[%emt 0:00:13]} 15. Nbd2 {[%emt 0:00:22]} Bb7 {[%emt 0:00:55]} 16. Re1 {[%emt 0:03:01]} g6 {[%emt 0:03:03]} 17. b4 {[%emt 0:04:50]} Rfd8 {[%emt 0:01:50]} 18. Nb3 {[%emt 0:00:42]} Nc4 {[%emt 0:00:13]} 19. Nc5 {[%emt 0:00:33]} Bc6 {[%emt 0:00:44]} 20. Bb3 {[%emt 0:19:19]} Nd2 {[%emt 0:14:04]} 21. Nxd2 {[%emt 0:00:59]} Rxd2 {[%emt 0:00:03]} 22. Rad1 {[%emt 0:10:51]} Rd6 {[%emt 0:01:01]} 23. Kf1 {[%emt 0:08:42]} Kf8 {[%emt 0:06:36]} 24. Bd5 {[%emt 0:12:02]} Rad8 {[%emt 0:02:46]} 25. Ke2 {[%emt 0:00:12]} Bxd5 {[%emt 0:00:55]} 26. Rxd5 {[%emt 0:00:13]} Rxd5 {[%emt 0:00:26]} 27. exd5 {[%emt 0:00:13]} Ra8 {[%emt 0:03:55]} 28. a4 {[%emt 0:04:22]} bxa4 {[%emt 0:06:34]} 29. Ra1 {[%emt 0:04:10]} Be7 {[%emt 0:01:02]} 30. Nd7+ {[%emt 0:01:42]} Kg7 {[%emt 0:00:26]} 31. Nxe5 {[%emt 0:03:30]} Bxb4 {[%emt 0:00:43]} 32. cxb4 {[%emt 0:00:48]} Re8 {[%emt 0:00:26]} 1-0

[Event "22nd OIBM 2018"]
[Site "Gmund am Tegernsee"]
[Date "2018.11.01"]
[Round "6"]
[White "Miller, Eduard"]
[Black "Pollmann, Sascha"]
[Result "1-0"]
[WhiteElo "2383"]
[BlackElo "2091"]
[Annotator "TA"]
[PlyCount "119"]
[EventDate "2018.10.27"]
[EventType "swiss"]
[EventCountry "GER"]
[SourceTitle "playchess.com"]
[Source "ChessBase"]
[SourceQuality "1"]

{[%evp 18,118,-1,-34,-14,-22,-25,-41,-33,-48,-25,-29,-31,-27,0,-50,-29,-73,-54,-54,0,-25,117,110,95,104,110,126,230,186,178,189,178,204,440,454,453,320,311,305,364,315,466,473,469,458,781,429,411,412,381,377,341,6,26,38,39,0,0,-58,-43,-66,0,0,276,264,268,265,249,258,370,225,355,255,574,564,656,649,1395,1322,1102,572,12845,1775,1581,423,460,175,190,0,29991,29991,29992,29992,29992,29993,29993,29994,29994,29995,29997,29996,29999]} 1. Nf3 Nf6 2. g3 d5 3. Bg2 e6 4. O-O Be7 5. d3 O-O 6. Nbd2 c5 7. e4 Nc6 8. Re1 Qc7 9. Qe2 b5 {C00: French: Unusual White 2nd moves} 10. Nf1 {LiveBook: 6 Games} Bb7 (10... dxe4 11. dxe4 e5 12. c3 b4 13. Ne3 bxc3 14. bxc3 Qa5 15. Nd5 Bd8 16. a4 Ba6 17. Qc2 {1-0 (50) Nisipeanu,L (2687)-Ragger,M (2700) Austria 2016}) 11. Bf4 Qb6 {The position is equal.} 12. e5 Nd7 13. h4 Rfc8 14. c3 Qd8 15. Ne3 $146 ({Predecessor:} 15. N1h2 a5 16. Ng4 Bf8 17. Rad1 a4 18. a3 d4 19. Ng5 h6 {1-0 (89) Seeman,T (2406)-Sirosh,I (2271) Viljandi 2016}) 15... h6 16. Qd2 Bf8 17. g4 {[%cal Bg3g4,Bg4g5,Bg5h6][%mdl 32]} d4 18. Nf1 Nb6 19. g5 {[%cal Rg5h6]} Nd5 (19... h5 $11 {keeps the balance.}) 20. gxh6 $16 dxc3 21. bxc3 Nxf4 22. Qxf4 Rc7 (22... gxh6 $16 {might work better.} 23. Ng3 Bg7) 23. Ng5 {And now h7+ would win.} gxh6 24. Ne4 {Threatens to win with Nf6+.} Bg7 25. Nxc5 Na5 $2 (25... Rac8 26. d4 Ba8) 26. Nxb7 $18 Nxb7 27. Re3 Rac8 28. Ng3 {[%cal Bf1g3,Bg3h5,Bh5f6][%mdl 32] Hoping for Nh5.} f5 29. Nh5 Nc5 (29... Kh7 $142 30. Rg3 Bh8) 30. Rg3 Kh7 31. d4 (31. Nxg7 Rxg7 32. Rxg7+ Kxg7 $14) 31... Na4 (31... Bh8 $142 32. Bh3 Rf7 33. dxc5 Rxc5 34. Nf6+ Bxf6) 32. Rxg7+ Rxg7 33. Nf6+ ({Not} 33. Nxg7 Kxg7 34. Bf3 (34. Qg3+ Kh7 $11) 34... Kh7 $14) 33... Kg6 34. d5 Nxc3 {White must now prevent ...Ne2+.} 35. Qg3+ $2 (35. Qf3 $18 {[%csl Gf6][%cal Rf3h5]} Kf7 36. Qh5+ Rg6 37. dxe6+ Kg7 38. Qxf5 Rxf6 39. exf6+ Qxf6 40. Qg4+ Kh7 41. Re1) 35... Kf7 $11 36. dxe6+ Kf8 37. Qf3 $1 $40 {[%cal Rf3f5][%mdl 128] White mounts an attack.} Qd4 $1 38. Qxf5 (38. Re1 $11 Qd2 39. Rf1) 38... Ne2+ $15 39. Kh2 Qxh4+ ({Don't blunder} 39... Rxg2+ $2 40. Kxg2 Ke7 41. Re1 $18) (39... Qf4+ $1 $15 40. Qxf4 Nxf4) 40. Bh3 $11 Qf4+ $2 {[%mdl 8192]} (40... Nd4 $1 $11 41. e7+ Kf7 42. Qxc8 Qxf2+ 43. Kh1 Qf3+ 44. Kh2 Qg3+ 45. Kh1 Qf3+ 46. Kh2 Qg3+ 47. Kh1 Qf3+) 41. Qxf4 $18 Nxf4 {[#]} 42. e7+ $1 {[%mdl 512]} Kxe7 43. Bxc8 Rg2+ 44. Kh1 Rxf2 (44... Rg5 {keeps fighting.} 45. Re1 Nd3) 45. Rb1 Rxa2 $2 (45... Rc2 {is a better chance.}) 46. Rxb5 Re2 47. Rb7+ Kd8 48. Bg4 Rd2 49. Rxa7 h5 50. Bf5 h4 51. Ra8+ (51. e6 $142 {[%csl Ga7][%cal Re6e7]} Rd1+ 52. Kh2 Nxe6 53. Bxe6) 51... Ke7 52. Re8+ (52. Ne4 $142 Re2 53. Ra7+ Kf8 54. Nf6) 52... Kf7 {If Black can now play ...Rd1+ this consolidates a bit.} 53. Rh8 $2 (53. Bh7 $18) 53... Ne2 $2 {[%mdl 8192]} (53... Rd1+ $11 54. Kh2 Rd2+ 55. Kg1 Ne2+ 56. Kf2 Ng3+ 57. Kf3 Nxf5) 54. Rh7+ {White mates.} Kf8 55. Be6 {[%csl Ge6][%cal Rh7f7]} Ng3+ 56. Kg1 {[%csl Ge6][%cal Rh7f7]} Ne2+ 57. Kf1 {[%csl Ge6][%cal Rh7f7]} Ng3+ {[#]} 58. Ke1 $1 {[%csl Ge6][%cal Rh7f7]} Re2+ 59. Kd1 {[%csl Ge6][%cal Rh7f7]} Rxe5 60. Rf7# {Precision: White = 42%, Black = 29%.} 1-0

[Event "22nd OIBM 2018"]
[Site "Gmund am Tegernsee"]
[Date "2018.11.01"]
[Round "6"]
[White "Colpe, Malte"]
[Black "Konik, Michael"]
[Result "1/2-1/2"]
[WhiteElo "2379"]
[BlackElo "2083"]
[Annotator "NA"]
[PlyCount "81"]
[EventDate "2018.10.27"]
[EventType "swiss"]
[EventCountry "GER"]
[SourceTitle "playchess.com"]
[Source "ChessBase"]
[SourceQuality "1"]
[TimeControl "40/5400+30:1800+30"]

1. e4 {[%emt 0:00:00]} d5 {[%emt 0:00:00]} 2. exd5 {[%emt 0:00:00]} Qxd5 {[%emt 0:00:00]} 3. Nc3 {[%emt 0:00:00]} Qa5 {[%emt 0:00:00]} 4. d4 {[%emt 0:00:00]} Nf6 {[%emt 0:00:00]} 5. Bc4 {[%emt 0:00:33]} c6 {[%emt 0:00:23]} 6. Bd2 {[%emt 0:00:25]} Bf5 {[%emt 0:02:00]} 7. Nd5 {[%emt 0:00:29]} Qd8 {[%emt 0:00:52]} 8. Nxf6+ {[%emt 0:00:09]} gxf6 {[%emt 0:02:14]} 9. Nf3 {[%emt 0:00:51] B01: Scandinavian Defence} Rg8 {[%emt 0:11:11]} (9... e6 10. O-O Nd7 11. Re1 Nb6 12. Bf1 Bg7 13. Nh4 Bg6 14. c3 O-O 15. g3 Rc8 16. a4 Re8 17. Qb3 Rc7 18. Bg2 Rd7 19. a5 Nd5 20. c4 Ne7 {½-½ (20) Gharamian,T (2660)-Bauer,C (2625) Germany 2016}) 10. c3 {[%emt 0:08:32]} Qd6 $146 {[%emt 0:07:21]} ({Predecessor:} 10... e6 11. Qe2 Nd7 12. Nh4 Bg4 13. f3 f5 14. g3 Bh3 15. O-O-O Qf6 16. d5 cxd5 17. Bxd5 {0-1 (49) Jonsson,K (2228)-Hess,H (2335) ICCF email 2009}) 11. Qb3 {[%emt 0:06:15]} Be6 {[%emt 0:04:04]} 12. Qxb7 {[%emt 0:14:06]} Bxc4 {[%emt 0:01:18]} 13. Qxa8 {[%emt 0:01:11]} Qc7 {[%emt 0:01:46]} 14. d5 {[%emt 0:10:34]} Bxd5 {[%emt 0:03:36]} 15. Be3 {[%emt 0:00:49]} Rxg2 {[%emt 0:06:34]} 16. Bxa7 {[%emt 0:22:13]} Bxf3 {[%emt 0:02:02]} 17. Qxb8+ {[%emt 0:00:57]} Qxb8 {[%emt 0:01:08]} 18. Bxb8 {[%emt 0:00:06]} Rg4 {[%emt 0:10:39]} 19. Rf1 {[%emt 0:00:47]} e5 {[%emt 0:14:47]} 20. Kd2 {[%emt 0:07:27]} Bh6+ {[%emt 0:13:48]} 21. Kd3 {[%emt 0:00:47]} Bf4 {[%emt 0:04:43]} 22. Ba7 {[%emt 0:03:40]} Bxh2 {[%emt 0:00:52]} 23. b3 {[%emt 0:01:30]} f5 {[%emt 0:02:17]} 24. a4 {[%emt 0:01:04]} Rg6 {[%emt 0:02:19]} 25. Bc5 {[%emt 0:01:10]} Kd7 {[%emt 0:01:39]} 26. a5 {[%emt 0:00:40]} Kc8 {[%emt 0:00:31]} 27. a6 {[%emt 0:00:25]} Kb8 {[%emt 0:00:02]} 28. a7+ {[%emt 0:03:33]} Ka8 {[%emt 0:00:02]} 29. Ke3 {[%emt 0:03:11]} e4 {[%emt 0:01:16]} 30. b4 {[%emt 0:01:11]} Be5 {[%emt 0:01:20]} 31. Rg1 {[%emt 0:06:13]} Bxc3 {[%emt 0:00:16]} 32. Rxg6 {[%emt 0:00:21]} fxg6 {[%emt 0:00:08]} 33. Ra6 {[%emt 0:00:19]} g5 {[%emt 0:00:52]} 34. Bd6 {[%emt 0:02:31]} f4+ {[%emt 0:00:06]} 35. Bxf4 {[%emt 0:00:04]} gxf4+ {[%emt 0:00:06]} 36. Kxf4 {[%emt 0:00:04]} Bxb4 {[%emt 0:00:14]} ({Better is} 36... Bd2+ $17 37. Kg3 h5 38. Rxc6 Kxa7) 37. Rxc6 {[%emt 0:00:42] [#]} Kxa7 {[%emt 0:00:25]} (37... h5 $1 $17 38. Rc4 Bd6+ 39. Kg5 Kxa7) 38. Rc7+ {[%emt 0:00:59]} (38. Re6 $11 {remains equal.}) 38... Kb6 {[%emt 0:00:17]} 39. Rxh7 {[%emt 0:00:05]} Bd6+ {[%emt 0:00:37]} 40. Kf5 {[%emt 0:00:38]} Bc5 {[%emt 0:00:18]} 41. Rh4 $11 {[%emt 0:30:18]} 1/2-1/2

[Event "22nd OIBM 2018"]
[Site "Gmund am Tegernsee"]
[Date "2018.11.01"]
[Round "6"]
[White "Forchert, Martin"]
[Black "Baeuml, Ulrich"]
[Result "1-0"]
[WhiteElo "2363"]
[BlackElo "2088"]
[Annotator "NA"]
[PlyCount "74"]
[EventDate "2018.10.27"]
[EventType "swiss"]
[EventCountry "GER"]
[SourceTitle "playchess.com"]
[Source "ChessBase"]
[SourceQuality "1"]
[TimeControl "40/5400+30:1800+30"]

1. e4 {[%emt 0:00:00]} e6 {[%emt 0:00:00]} 2. d4 {[%emt 0:00:00]} d5 {[%emt 0:00:00]} 3. Nd2 {[%emt 0:00:00]} Nf6 {[%emt 0:00:26]} 4. e5 {[%emt 0:00:00]} Nfd7 {[%emt 0:00:07]} 5. Bd3 {[%emt 0:00:04]} c5 {[%emt 0:00:21]} 6. c3 {[%emt 0:00:06]} Nc6 {[%emt 0:00:15]} 7. Ne2 {[%emt 0:00:26]} cxd4 {[%emt 0:00:36]} 8. cxd4 {[%emt 0:00:06]} f6 {[%emt 0:00:19]} 9. exf6 {[%emt 0:00:09]} Nxf6 {[%emt 0:00:08]} 10. Nf3 {[%emt 0:00:13]} Qc7 {[%emt 0:01:14]} 11. O-O {[%emt 0:02:22]} Bd6 {[%emt 0:00:08]} 12. h3 {[%emt 0:00:59]} O-O {[%emt 0:00:52]} 13. Be3 {[%emt 0:00:23]} Bd7 {[%emt 0:01:03]} 14. Rc1 {[%emt 0:00:17]} Rae8 {[%emt 0:10:27]} 15. Nc3 {[%emt 0:06:48] C06: French Tarrasch: 3...Nf6 4 e5 Nfd7 5 Bd3 main lines} Qb8 {[%emt 0:02:27]} 16. Nb5 $146 {[%emt 0:09:08]} ({Predecessor:} 16. Bb1 Re7 17. Nb5 Bf4 18. Re1 Be8 19. Qd2 Ne4 20. Bxe4 dxe4 21. Bxf4 Qxf4 22. Qxf4 Rxf4 {½-½ (35) Oll,L (2405)-Ivanchuk,V (2390) Tallinn 1986}) 16... Bf4 {[%emt 0:00:34]} 17. Qd2 {[%emt 0:20:02]} Ne4 {[%emt 0:13:34]} 18. Bxe4 {[%emt 0:14:47]} dxe4 {[%emt 0:00:27]} 19. Bxf4 {[%emt 0:00:38]} Qxf4 {[%emt 0:03:23]} 20. Qxf4 {[%emt 0:00:25]} Rxf4 {[%emt 0:00:03]} 21. Nd2 {[%emt 0:00:13]} Ref8 {[%emt 0:08:21]} 22. g3 {[%emt 0:21:11]} R4f5 {[%emt 0:03:32]} 23. Nd6 {[%emt 0:00:44]} Rd5 {[%emt 0:09:17]} 24. N2xe4 {[%emt 0:02:44]} Nxd4 {[%emt 0:01:55]} 25. Rc7 {[%emt 0:00:07]} Nf3+ {[%emt 0:01:17]} 26. Kg2 {[%emt 0:00:08]} Nd2 {[%emt 0:07:35]} 27. Nxd2 {[%emt 0:02:54]} Rxd6 {[%emt 0:00:13]} 28. Nc4 {[%emt 0:00:34]} Bc6+ {[%emt 0:05:32]} 29. f3 {[%emt 0:00:48]} Rd5 {[%emt 0:03:31]} 30. b3 {[%emt 0:02:29]} Rdf5 {[%emt 0:07:34]} 31. Nd2 {[%emt 0:00:09]} Ra5 {[%emt 0:03:58]} 32. a4 {[%emt 0:00:53]} Rc5 $15 {[%emt 0:02:38]} 33. Re7 {[%emt 0:01:35]} Bd5 {[%emt 0:01:23]} 34. Rf2 {[%emt 0:09:04]} Rc3 {[%emt 0:05:42]} 35. h4 {[%emt 0:03:36]} h6 {[%emt 0:00:40]} 36. g4 {[%emt 0:01:47]} Rd8 {[%emt 0:00:37]} 37. Ne4 {[%emt 0:01:52]} Rcc8 {[%emt 0:00:59]} 1-0

[Event "22nd OIBM 2018"]
[Site "Gmund am Tegernsee"]
[Date "2018.11.01"]
[Round "6"]
[White "Bernabeu Lopez, Carlos Javier"]
[Black "Chanda, Sandipan"]
[Result "1/2-1/2"]
[WhiteElo "2353"]
[BlackElo "2535"]
[Annotator "TA"]
[PlyCount "96"]
[EventDate "2018.10.27"]
[EventType "swiss"]
[EventCountry "GER"]
[SourceTitle "playchess.com"]
[Source "ChessBase"]
[SourceQuality "1"]

{[%evp 15,96,-22,40,0,0,0,0,0,0,0,24,-18,0,0,0,-6,0,0,0,0,0,-16,0,-11,0,0,0,0,0,0,0,0,0,-7,-6,-6,-6,-5,0,0,0,0,0,0,0,0,0,-6,0,0,0,0,0,0,0,0,0,0,0,0,0,0,0,0,8,0,2,0,2,2,2,2,2,2,2,2,2,2,9,2,2,2,2]} 1. e4 c5 2. Nf3 d6 3. d4 cxd4 4. Nxd4 Nf6 5. f3 e6 6. c4 Be7 7. Nc3 {B55: Sizilianisch (Rauser Anti-Drachen-Variante)} O-O 8. Be2 (8. Be3 Nc6 9. Nc2 b6 10. Be2 Bb7 11. O-O Rc8 12. Qd2 Qc7 13. Rfd1 Rfd8 14. Rac1 Qb8 15. Nd4 Ne5 16. b3 d5 17. exd5 exd5 {1-0 (28) Anand,V (2779)-Salem,A (2656) Doha 2016}) 8... Nbd7 {LiveBook: 4 Partien} (8... Nc6 $11) 9. O-O {Weiß steht etwas besser.} d5 10. cxd5 exd5 11. exd5 Nb6 {[%cal Bd7b6,Bb6d5,Bd5f4][%mdl 32]} 12. Be3 Nfxd5 13. Nxd5 Nxd5 {Die Stellung ist ausgeglichen.} 14. Bf2 $1 Nf4 {[#] ...Lc5 ist eine echte Drohung.} 15. Bc4 Bf6 $146 ({Vorgänger:} 15... Bc5 16. Ne2 Bxf2+ {½-½ (16) Kozhuharov,S (2477)-Georgiev,K (2500) Sunny Beach 2007}) 16. Qd2 Be5 17. Rad1 Qf6 18. Ne2 b5 19. Bb3 Bb7 {[#] Droht stark ...Sxg2!} 20. Nxf4 Bxf4 21. Be3 Bxe3+ 22. Qxe3 a5 23. Qd4 Qg5 24. Qb6 a4 25. Qxb7 axb3 26. axb3 Ra2 27. Rf2 Qe3 {Mit der Idee ...Txb2.} 28. Qxb5 Rxb2 $1 29. Qf1 Re8 30. g3 h5 31. Kg2 Rxb3 32. Qc4 Ra3 33. Rd7 Qe6 34. Qxe6 Rxe6 $11 {[%mdl 4096] Endspiel KTT-KTT} 35. Rc2 Rf6 36. f4 h4 37. Rd5 Rh6 38. Rcd2 h3+ 39. Kf2 Ra1 40. Rd1 Ra2+ 41. R1d2 Rha6 42. g4 Kf8 43. Kg3 Rxd2 44. Rxd2 Ra3+ 45. Kh4 Rf3 46. Rd4 f6 47. f5 Kg8 48. Rd1 Kh7 {Precision: Weiß = 75%, Schwarz = 69%.} 1/2-1/2

[Event "22nd OIBM 2018"]
[Site "Gmund am Tegernsee"]
[Date "2018.11.01"]
[Round "6"]
[White "Weber, Ulrich"]
[Black "Repka, Christopher"]
[Result "1/2-1/2"]
[WhiteElo "2347"]
[BlackElo "2494"]
[Annotator "TA"]
[PlyCount "99"]
[EventDate "2018.10.27"]
[EventType "swiss"]
[EventCountry "GER"]
[SourceTitle "playchess.com"]
[Source "ChessBase"]
[SourceQuality "1"]

{[%evp 13,99,16,15,10,18,0,0,-49,-48,-102,-8,-30,-32,-35,0,0,0,0,0,0,0,0,0,0,0,0,0,-12,-17,-43,0,0,0,0,0,0,0,-68,0,0,0,0,0,0,0,-24,-25,-54,-70,-70,-65,-91,-89,-97,0,0,0,0,6,0,7,6,8,8,17,11,10,12,17,24,37,25,69,67,101,17,17,17,17,12,19,-8,0,0,0,0,0,0]} 1. Nf3 d5 2. g3 Bg4 3. Bg2 c6 4. d3 e6 5. O-O Bd6 6. c4 Ne7 {A11: English Opening: 1...c6} 7. Nc3 (7. cxd5 exd5 8. Nc3 O-O 9. h3 Bh5 10. e4 Na6 11. exd5 cxd5 12. Re1 Nc6 13. d4 Nc7 14. a3 {½-½ (78) Carlsen,M (2850)-Adams,M (2744) London 2015 CBM 170 [Mokal,P]}) 7... O-O {LiveBook: 3 Games} 8. b3 Nd7 9. Bb2 f5 $146 ({Predecessor:} 9... a6 10. Rc1 Rc8 11. Rc2 b5 12. Qa1 e5 13. cxd5 cxd5 14. Rfc1 Nf6 15. e4 d4 {0-1 (54) Gvetadze,S (2319)-Gunina,V (2535) Kutansi 2015}) 10. Qc1 f4 11. Ba3 (11. Nh4 $15) 11... Ne5 ({Black should play} 11... Bxa3 $17 12. Qxa3 fxg3 13. hxg3 Nf5) 12. Bxd6 $11 Qxd6 13. d4 Nxf3+ (13... N5g6 {looks sharper.} 14. e3 fxg3 15. fxg3 Nf5 16. Qd2 Rad8) 14. exf3 Bf5 15. c5 Qc7 16. Re1 h5 {[%cal Bh7h5,Bh5h4,Bh4h3][%mdl 32]} 17. Ne2 Ng6 18. Qd2 {[%cal Re2f4]} Rae8 19. b4 h4 20. Rac1 {[%cal Re2f4]} Qd8 21. Rc3 h3 22. Bf1 {Strongly threatening g4.} e5 23. dxe5 Nxe5 24. Nd4 Qf6 25. b5 {[#]} ({Better is} 25. Rd1 $11) 25... fxg3 (25... Nc4 $1 $15 {[%mdl 512]} 26. Bxc4 Rxe1+ 27. Qxe1 Qxd4) 26. hxg3 {[#]} Nc4 $1 {[%cal Rc4d2][%mdl 512]} 27. Bxc4 Rxe1+ 28. Qxe1 Qxd4 29. Bf1 cxb5 30. Bxb5 Qb4 31. Bf1 d4 32. Rc1 {[#]} Qxe1 $1 33. Rxe1 $17 {[%mdl 4096] Endgame [#] KRB-KRB} Bc2 (33... Rd8 $1 $17 {And now ...d3 would win.} 34. Rd1 Kf7) 34. Bc4+ Kh8 35. Re5 {Rh5+ is the strong threat.} Rxf3 36. Rh5+ Bh7 37. Rd5 {Hoping for Rd8+.} Bf5 38. Rxd4 {aiming for Bd5.} g5 39. g4 Bb1 40. Rd8+ Kg7 41. Rd7+ Kh6 42. Bd5 h2+ 43. Kg2 Rc3 44. Kxh2 (44. Rc7 $16) 44... Rxc5 $11 {The position is equal.} 45. Bxb7 Ra5 46. Rd6+ Kg7 47. Ra6 Rxa2 48. Kg3 Rxa6 49. Bxa6 Kf6 50. f4 $1 {Precision: White = 49%, Black = 69%.} 1/2-1/2

[Event "22nd OIBM 2018"]
[Site "Gmund am Tegernsee"]
[Date "2018.11.01"]
[Round "6"]
[White "Fischer, Daniel"]
[Black "Bajorski, Marius"]
[Result "1-0"]
[WhiteElo "2336"]
[BlackElo "2083"]
[Annotator "NA"]
[PlyCount "59"]
[EventDate "2018.10.27"]
[EventType "swiss"]
[EventCountry "GER"]
[SourceTitle "playchess.com"]
[Source "ChessBase"]
[SourceQuality "1"]
[TimeControl "40/5400+30:1800+30"]

1. e4 {[%emt 0:00:00] Stohl,I} e5 {[%emt 0:00:00]} 2. Nf3 {[%emt 0:00:00]} Nc6 {[%emt 0:00:00]} 3. Bc4 {[%emt 0:00:00]} Bc5 {[%emt 0:00:00]} 4. c3 {[%emt 0:00:00]} Nf6 {[%emt 0:00:00]} 5. d3 {[%emt 0:00:07]} a6 {[%emt 0:00:00]} 6. a4 {[%emt 0:00:24] C54: Italienische Partie (Hauptvariante)} d6 {[%emt 0:04:31]} 7. O-O {[%emt 0:01:38]} Ba7 {[%emt 0:06:00]} 8. Nbd2 {[%emt 0:00:48]} h6 {[%emt 0:01:39]} 9. Re1 {[%emt 0:03:50]} O-O {[%emt 0:02:06]} 10. h3 {[%emt 0:00:43]} Be6 {[%emt 0:00:57]} 11. Bxe6 {[%emt 0:09:35]} fxe6 {[%emt 0:00:05]} 12. Nf1 {[%emt 0:01:08]} Qd7 $146 {[%emt 0:06:42]} ({Vorgänger:} 12... Nh5 13. Be3 a5 14. Bxa7 Rxa7 15. d4 Qf6 {0-1 (45) Ding,L (2777)-Giri,A (2772) Wenzhou 2017 CBM 180 [Stohl,I]}) 13. Be3 {[%emt 0:02:12]} Kh7 {[%emt 0:04:35]} 14. Bxa7 {[%emt 0:04:58]} Nxa7 {[%emt 0:02:39]} 15. d4 {[%emt 0:02:52]} Nc6 {[%emt 0:04:04]} 16. a5 {[%emt 0:11:03]} Rad8 {[%emt 0:06:50]} 17. Ng3 {[%emt 0:02:46]} Rf7 {[%emt 0:03:21]} 18. Qb3 {[%emt 0:07:40]} Qc8 {[%emt 0:01:11]} 19. Qc2 {[%emt 0:10:11]} Kg8 {[%emt 0:03:36]} 20. b4 {[%emt 0:03:28]} exd4 {[%emt 0:05:56]} 21. Nxd4 {[%emt 0:00:35]} e5 {[%emt 0:01:24]} 22. Nxc6 {[%emt 0:02:53]} bxc6 {[%emt 0:00:05]} 23. Qb3 {[%emt 0:01:05]} Qb7 {[%emt 0:00:40]} 24. c4 $14 {[%emt 0:05:41]} Nd7 {[%emt 0:05:31]} 25. Rab1 {[%emt 0:05:48]} Nf8 {[%emt 0:03:10]} 26. Nf5 {[%emt 0:02:41]} Rb8 {[%emt 0:02:59]} 27. c5 {[%emt 0:03:35]} dxc5 {[%emt 0:02:13]} 28. Ne7+ {[%emt 0:00:59]} Kh8 {[%emt 0:01:15]} 29. Qxf7 {[%emt 0:00:10]} Qxb4 {[%emt 0:00:08]} 30. Qg8# 1-0